000
00308nam a22001217a 4500
003
SGT
082
_a
340,ICR
100
_a
ICRC
245
_a
RULS OF INTERNATIONAL HUMANITARIAN LAW AND OTHER RULES RELATING TO THE CONDUCT OF HOSTILITIES
260
_a
NEW DELHI
_b
ICRC
_c
2005
300
_a
266
942
_2
ddc
_c
BK
999
_c
11220
_d
11220